00547 2200205 4500001002100000005001500021035002000036007000300056008004100059020002200100082000800122084001400130100001700144245008300161250001000244260003800254300002500292990001200317990001200329INLIS00000000000074620171017024649 a0010-1017000300ta171017 0  a978-602-03-2493-7 a297 a297 RAH s1 aRahmat,Jonih1 asayangi yang di Bumi, Engkau akan dikasihi oleh yang di langit /cJonih Rahmat aCet.1 aJakarta :bKompas Gramedia,c2016 axii,211 hlm :b.ilus a15653 B a15653 B